Postsurgical rehabilitation guidelines for the orthopedic clinician (Record no. 83638)

MARC details
000 -LEADER
fixed length control field 01032 a2200301 4500
003 - CONTROL NUMBER IDENTIFIER
control field CBULib
005 - DATE AND TIME OF LATEST TRANSACTION
control field 20240110071758.0
008 - FIXED-LENGTH DATA ELEMENTS--GENERAL INFORMATION
fixed length control field 240110b |||||||| |||| 00| 0 eng d
020 ## - INTERNATIONAL STANDARD BOOK NUMBER
International Standard Book Number 9780323032001
040 ## - CATALOGING SOURCE
Language of cataloging English
Transcribing agency CBULib
Description conventions rda
041 ## - LANGUAGE CODE
Language code of text/sound track or separate title eng
050 ## - LIBRARY OF CONGRESS CALL NUMBER
Classification number RD 736.P47 Cio
100 ## - MAIN ENTRY--PERSONAL NAME
Personal name Cioppa-Mosca, JeMe
245 ## - TITLE STATEMENT
Title Postsurgical rehabilitation guidelines for the orthopedic clinician
Statement of responsibility, etc / by JeMe Cioppa-Mosca; Janet B. Cahill; John T. Cavanaugh; Deborah Corradi-Scalise; Holly Rudnick and Aviva L. Wolff
260 ## - PUBLICATION, DISTRIBUTION, ETC. (IMPRINT)
Name of publisher, distributor, etc Elsevier,
Place of publication, distribution, etc Missouri :
Date of publication, distribution, etc 2006
300 ## - PHYSICAL DESCRIPTION
Extent xiii, 583 pages : illustrations
336 ## - CONTENT TYPE
Source rdacontent
Content type term Text |
Content type code txt
337 ## - MEDIA TYPE
Source rdamedia
Media type term Unmediated |
Media type code n
338 ## - CARRIER TYPE
Source rdacarrier
Carrier type term Volume
Carrier type code nc
650 #0 - SUBJECT ADDED ENTRY--TOPICAL TERM
9 (RLIN) 1088
Topical term or geographic name as entry element PHYSICAL THERAPY
650 #0 - SUBJECT ADDED ENTRY--TOPICAL TERM
9 (RLIN) 1527
Topical term or geographic name as entry element POSTOPERATIVE CARE
700 ## - ADDED ENTRY--PERSONAL NAME
9 (RLIN) 1528
Personal name Cahill, Janet B
700 ## - ADDED ENTRY--PERSONAL NAME
9 (RLIN) 1529
Personal name Cavanaugh, John T.
700 ## - ADDED ENTRY--PERSONAL NAME
9 (RLIN) 1531
Personal name Corradi-Scalise, Deborah
700 ## - ADDED ENTRY--PERSONAL NAME
9 (RLIN) 1532
Personal name Rudnick, Holly
700 ## - ADDED ENTRY--PERSONAL NAME
9 (RLIN) 1533
Personal name Wolff, Aviva L
942 ## - ADDED ENTRY ELEMENTS (KOHA)
Source of classification or shelving scheme
Koha item type MONOGRAPH
Holdings
Withdrawn status Lost status Source of classification or shelving scheme Damaged status Not for loan Collection code Permanent Location Current Location Shelving location Date acquired Source of acquisition Cost, normal purchase price Full call number Barcode Date last seen Copy number Price effective from Koha item type
          Medical Library Collection CBU-SCHOOL OF MEDICINE LIBRARY, NDOLA. CBU-MAIN LIBRARY, KITWE. General Stacks 01/10/2024 DON-BOOKAID 179.00 RD 736.P47 Cio 905565 01/10/2024 1 01/10/2024 MONOGRAPH